000 nam a22 7a 4500
999 _c30421
_d30421
003 OSt
008 190529b xxu||||| |||| 00| 0 eng d
020 _a9780761537175
020 _a0761537171
050 _aGV1853.3.F62
_bW55 2002
100 _aWiley Wright, Kim,
_d1955
245 _aWalt Disney World with kids, 2003
_cKim Wright Wiley
260 _aRoseville, CA :
_bPrima Pub.,
_c©2002.
300 _axvii, 477 p. :
_b ill., maps
500 _a"Including Disney Cruise Line, Universal Orlando and Islands of Adventure"--Cover. Includes index.
650 _aFamily recreation.
650 _aWalt Disney World (Fla.)
_x Florida
_yGuidebooks. Family recreation
_zOrlando Region
942 _2lcc
_cBOOKS
_hGV1853.3.F62W55 2002